LEADER 01880nas 2200541- 450 001 9910301739003321 005 20240916213021.0 011 $a2419-8471 035 $a(CKB)110985822457464 035 $a(CONSER)---81649961- 035 $a(EXLCZ)99110985822457464 100 $a19811104b19811983 -a- b 101 0 $afre 181 $ctxt$2rdacontent 182 $cc$2rdamedia 183 $acr$2rdacarrier 200 00$aComptes rendus des séances de l'Académie des sciences$hSérie II$iMécanique, physique, chimie, sciences de l'univers, sciences de la terre 210 1$aParis :$cGauthier-Villars,$d1981-1983. 215 $a1 online resource 300 $aTitle from cover. 311 08$aPrint version: Comptes rendus des séances de l'Académie des sciences. 0750-7623 (DLC) 81649961 (OCoLC)7907103 517 3 $aMécanique, physique, chimie, sciences de l'univers, sciences de la terre 531 1 $aC. r. séances Acad. sci., Sér. 2, Méc., phys., chim., sci. univers, sci. terre 606 $aScience$vPeriodicals 606 $aMechanics$vPeriodicals 606 $aPhysics$vPeriodicals 606 $aChemistry$vPeriodicals 606 $aChemistry$2fast$3(OCoLC)fst00853344 606 $aMechanics$2fast$3(OCoLC)fst01013446 606 $aPhysics$2fast$3(OCoLC)fst01063025 606 $aScience$2fast$3(OCoLC)fst01108176 608 $aPeriodicals.$2fast 608 $aPeriodicals.$2lcgft 615 0$aScience 615 0$aMechanics 615 0$aPhysics 615 0$aChemistry 615 7$aChemistry. 615 7$aMechanics. 615 7$aPhysics. 615 7$aScience. 676 $a505 712 02$aAcade?mie des sciences (France) 906 $aJOURNAL 912 $a9910301739003321 920 $aexl_impl conversion 996 $aComptes rendus des séances de l'Académie des Sciences$9891713 997 $aUNINA